• 首页
  • 本馆介绍
  • 公告通知
  • 最新文献
  • 馆藏检索
  • 电子资源
  • 读者导购
  • 参考咨询
  • 我的图书馆
  • 登录
  • 详细信息显示
  • 放入我的书架
  • 预约/预借图书
  • 作者相关作品
  • 分类相关作品
  • 丛书相关作品
  • 出版社相关作品

书目信息

  • 表格格式
  • 工作单格式
  • 卡片格式
题名:
审计轻松过关600题
    
 
作者: 王雁鹏 , 洪天玮 主编 ;汪秀 , 童琳 编写
分册:  
出版信息: 北京   中国经济出版社  2019
页数: 276页
开本: 26cm
丛书名: 2019年初始条件注册会计师辅导丛书
单 册:
中图分类: F239-44 , F239
科图分类:
主题词: 审计--资格考试--习题集
电子资源:
ISBN: 978-7-5136-5646-7
000 01028nam0 2200289 450
001 2357444338
005 20231215155851.19
010    @a978-7-5136-5646-7@dCNY 58.00
100    @a20190807d2019 em y0chiy0120 ea
101 0  @achi
102    @aCN@b110000
105    @ay zq 000yy
200 1  @a审计轻松过关600题@Ashen ji qing song guo guan 600 ti@b专著@f王雁鹏,洪天玮主编@g汪秀,童琳编写
205    @a2版
210    @a北京@c中国经济出版社@c中国石化出版社@d2019
215    @a276页@d26cm@e1考点锦囊(33页;17cm)
225 1  @a2019年初始条件注册会计师辅导丛书@f王雁鹏,洪天玮主编
330    @a本书分为23个专题,分别为审计概述、审计计划、审计证据、审计工作底稿、职业到的基本原则和概念框架、审计业务对独立性要求等内容。
606 0  @a审计@x资格考试@j习题集
690    @aF239-44@v5
690    @aF239@v4
701  0 @a王雁鹏@Awang yan peng@4主编
701  0 @a洪天玮@Ahong tian wei@4主编
702  0 @a汪秀@Awang xiu@4编写
702  0 @a童琳@Atong lin@4编写
801  2 @aCN@b辽宁北配@c20231205
905    @aBZT@dF239@e167=2
    
    审计轻松过关600题/王雁鹏,洪天玮主编/汪秀,童琳编写.-2版.-北京:中国经济出版社:中国石化出版社,2019
    276页;26cm+1考点锦囊(33页;17cm).-(2019年初始条件注册会计师辅导丛书/王雁鹏,洪天玮主编)
    
    
    ISBN 978-7-5136-5646-7:CNY 58.00
    本书分为23个专题,分别为审计概述、审计计划、审计证据、审计工作底稿、职业到的基本原则和概念框架、审计业务对独立性要求等内容。
●
相关链接 在五车中查询图书 在当当中查询图书 在豆瓣中查询图书


正题名:审计轻松过关600题     索取号:F239/167=2         预约/预借

序号 登录号 条形码 馆藏地/架位号 状态 备注
1 2001521385   2001521385   第四书库/163/ [索取号:F239/167=2] 在馆    
2 2001521386   2001521386   第四书库/163/ [索取号:F239/167=2] 在馆    
3 2001521387   2001521387   第四书库/163/ [索取号:F239/167=2] 在馆    
4 2001521388   2001521388   第四书库/163/ [索取号:F239/167=2] 在馆    
5 2001521389   2001521389   第四书库/163/ [索取号:F239/167=2] 在馆    
6 2001521390   2001521390   第四书库/163/ [索取号:F239/167=2] 在馆    
7 2001521391   2001521391   第四书库/163/ [索取号:F239/167=2] 在馆    
8 2001521392   2001521392   第四书库/163/ [索取号:F239/167=2] 在馆    
9 2001521393   2001521393   第四书库/163/ [索取号:F239/167=2] 在馆    
10 2001521394   2001521394   第四书库/163/ [索取号:F239/167=2] 在馆    
11 2001521395   2001521395   第四书库/163/ [索取号:F239/167=2] 在馆    
12 2001521396   2001521396   第四书库/163/ [索取号:F239/167=2] 在馆    
13 2001521397   2001521397   第四书库/163/ [索取号:F239/167=2] 在馆    
14 2001521398   2001521398   第四书库/163/ [索取号:F239/167=2] 在馆    
15 2001521399   2001521399   第四书库/163/ [索取号:F239/167=2] 在馆    
山东省滨州职业学院图书馆 欢迎您!
大连网信软件有限公司© 版权所有